000 01094nam a22003137a 4500
005 20170808114509.0
010 _aENG-109080
020 _a9781259029646
_c625.00
020 _a1259029646
_c625.00
020 _a9781259029646
_c715.00 (AV)
035 _aEN-92613
035 _aB-534859-861
037 _bDBAD/PUB
037 _bBSB/Ven
_adpl
082 _a620.1054
245 _aVector mechanics for engineers :
_cby Ferdinand P. Beer...[et al]
_bdynamics /
250 _a10th ed
260 _aNew Delhi
_bMcGraw Hill Education
_c2014
270 _aP-24, Green Park Extension
_bNew Delhi
_e110016
300 _aVarious pagings :
_c24cm(pbk)
_bill.
500 _aIncludes index
650 _aDynamics.
650 _a Vector analysis.
650 _a Mechanics, Applied.
700 _aBeer, Ferdinand P.
942 _2ddc
_cEN
_mVEC
_h620.1054
999 _c81816
_d81816